000 02165nam0a22003251 4500
001 rc\4957806
005 20250613050056.0
021 _aRU
_b[58-55867]
035 _a(NLR Aleph) 008956326
090 _a9035564
_c9035564
100 _a20130426d1958 |||y0rusy50 ca
101 0 _arus
102 _aRU
105 _aab z |||||
200 1 _aРазведка и разработка полезных ископаемых
_e[Сборник статей
_fРед. коллегия: проф. д-р геол.-минерал. наук В.Н. Дахнов (отв. ред.) и др.]
210 _aМосква
_cГостоптехиздат
_d1958
215 _a250 с.
_cил., карт.
_d27
225 1 _aАкадемия наук СССР. Главное управление по использованию атомной энергии при Совете Министров СССР. Труды Всесоюзной научно-технической конференции по применению радиоактивных и стабильных изотопов и излучений в народном хозяйстве и науке. 4-12 апреля 1957 г.
300 _aНа переплете надзаголовок: Всесоюзная конференция по применению изотопов и ядерных излучений
320 _aБиблиогр. в конце статей
606 _aПолезные ископаемые
_xПоиски и разведка
_xРадиометрический метод
_jСборники
_2psbo
606 _aМесторождения полезных ископаемых
_xСистемы разработки
_xРадиометрический метод
_jСборники
_2psbo
606 _aРадиоактивные изотопы
_xПрименение в геологии
_jСборники
_2psbo
702 1 _4340
_7ca
_8rus
_aДахнов
_bВ. Н.
_f1905-1984
_gВладимир Николаевич
_92642312
_3RU\NLR\AUTH\770272376
801 0 _aRU
_bNLR
_gpsbo
801 1 _aRU
_bELAR
_2rusmarc
852 _aNLR
_j58-7/1956
942 _cBOOK
980 _aNB